Normal view
MARC view
Entry Personal Name
001 - CONTROL NUMBER
- control field: 864374
003 - CONTROL NUMBER IDENTIFIER
- control field: OSt
005 - DATE AND TIME OF LATEST TRANSACTION
- control field: 20260114105852.0
008 - FIXED-LENGTH DATA ELEMENTS
- fixed length control field: 260114|| aca||aabn | a|a d
040 ## - CATALOGING SOURCE
- Original cataloging agency: OSt
- Transcribing agency: OSt
100 ## - HEADING--PERSONAL NAME
- Personal name: ਮੀਸ਼ਾ, ਪਰਮਜੀਤ ਸਿੰਘ
670 ## - SOURCE DATA FOUND
- Source citation: Work cat.: (OSt)1024381: ਮੀਸ਼ਾ, ਪਰਮਜੀਤ ਸਿੰਘ, ਪਾਕਿਸਤਾਨੀ ਪੰਜਾਬੀ ਨਾਵਲ, 2010.
